00848nam a2200193 i 4500003000900000005001700009007000300026008004100029040003000070082001300100100005200113245010300165264006700268300003000335336002700365337003400392338002800426500020000454DO-SdBNP20240917102726.0ta240917s1929 dr 000 j spa d aDO-SdBNPbspacBNPHUerda bP349222 aPeña Batlle, Manuel Arturo,d1902-1952eautor10aAntecedentes históricos y sociológicos de la anexion a España /cManuel Arturo Peña Batlle 1a[República Dominicana] :b[editor no identificado],c[1929]. a[14] páginas, c23 cm. 2rdacontentatextobtxt 2rdamediaasin mediación bn 2rdacarrieravolumenbnc aExtracto extraído y encuadernado por Carlos Larrazábal Blanco. Antecedentes históricos y sociológicos de la anexión a España. El Día Estético, año 1, No. 2, Santo Domingo, 1929.